A Spectre is Haunting Arabia (Record no. 184790)

MARC details
000 -LEADER
fixed length control field 00427nmm a2200133Ia 4500
100 ## - MAIN ENTRY--PERSONAL NAME
Personal name Müller, Miriam M.
245 #2 - TITLE STATEMENT
Title A Spectre is Haunting Arabia
260 ## - PUBLICATION, DISTRIBUTION, ETC. (IMPRINT)
Place of publication transcript Verlag
Year of publication 2015
650 ## - SUBJECT ADDED ENTRY--TOPICAL TERM
Topical Term Law ; Criminology & Criminal Justice ; Peace & Conflict Studies
856 ## - ELECTRONIC LOCATION AND ACCESS
Uniform Resource Identifier https://www.jstor.org/stable/10.2307/j.ctv1fxhb7
942 ## - ADDED ENTRY ELEMENTS (KOHA)
Koha item type
Holdings
Withdrawn status Lost status Damaged status Not for loan Permanent Location Current Location Date acquired Price effective from Koha item type
        Library and Documentation Division NCERT Library and Documentation Division NCERT 11/19/2024 11/19/2024